000 00755nas a2200265 4500
001 BR9213472
003 BR-BrBNA
005 20231205095141.0
007 ta
008 230509b bl.|||p| |||| 00| 00por d
040 _aBR-BrBNA
_bpor
_cBiblioteca Nacional de Agricultura
041 _a(Pt)
072 _aN10
100 1 _aCodo, V.
245 1 _aInstalacao para uma granja leiteira e sistema de manejo racional do gado leiteiro
650 _aGado Leiteiro
650 _aManejo
650 _aInstalacao para Animal
650 _aGranja
650 _aCurral
650 _aPratico
773 0 _tProdutor de Leite (Brazil)
_x
_g(Nov-Dec 1990), v. 20(123) p. 18-29
_wBR9213472
909 _a202311
_bLúcia
_c55
_dLúcia Elande
942 _2AGRIS
_n0
_cANA
999 _c148912
_d148912